| 000 | 00436nam a22001217a 4500 | ||
|---|---|---|---|
| 999 |
_c3813 _d3813 |
||
| 005 | 20210309130141.0 | ||
| 008 | 210309b ||||| |||| 00| 0 eng d | ||
| 020 | _a9781526459367 | ||
| 040 | _cCML | ||
| 245 |
_aSupporting Mental Health In Primary and Early Years _bA Practical Based Approach _cGlazzard Jonathan, Trussler Sarah |
||
| 260 |
_aUnited Kindon _bSage Publications _c2020 |
||
| 942 |
_2ddc _cBK _e1st _h371.712 _mGLA |
||